000 00441nam a22001817a 4500
003 MPLRDC
005 20220104124804.0
008 210129b ||||| |||| 00| 0 eng d
020 _a7-5030-0725-7
082 _a690.37 ZGW
100 _a张国维主编
245 _a海南省地图册
_c
250 _a一版一刷
260 _a
_b测绘出版社
_c1995
300 _b
650 _a中国游记--海南
942 _cBK
_o690.37 ZGW
999 _c22157
_d22147